1961 1138 1839 1348 1546 1944 1175 1369 1184 1969 1590 1464 1867 1343 1314 1265 1760 1664 1296 1481 1832 1923 1745 1612 1902 1068 1780 1425 1471 1071 1469 1059 1739 1827 1735 1878 1732 1574 1091 1405 1766 1484 1006 1192 1677 1262 1599 1373 1043 1373 1506 1345 1051 1714 1105 1136 1593 1417 1529 1076 1873 1350 1659 1811 1923 1482 1435 1667 1746 1629 1500 1723 1385 1692 1749 1119 1106 1094 1192 1468 1088 1543 1776 1009 1590 1373 1404 1183 1235 1704 1644 1607 1291 1514 1606 1598 1932 1217 1350 BCNSPRNW ULIB Ver.6.0+V

เปลี่ยนเป็นภาษาไทย

Change to English
 แสดงรายละเอียดบรรณานุกรม
  กลับหน้าหลัก

Brief Record : Get Marc (ISO 2709) : E-mail record : QR code < ปิดหน้าต่าง
LEADER : 00000nam 2200000uu 4500
001    13399114021
003     ULIB
008    120110s||||||||th 000 0 tha d
099    วจ.WA240^bช616ผ
100 0  ชุติพร จริตงาม
245 00 ผลการให้ความรู้ ร่วมกับกระบวนการกลุ่มต่อ ความรู้ พฤติกรรม การใช้สารเคมี กำจัดศัตรูพืช และระดับเอ็นไซม์ โคลีนเอสเตอเรส ของเกษตร ตำบลวัดไทรย์ จังหวัดนครสวรรค์/^cชุติพร จริตงาม และ อัญชลี เกษสาคร
260    นครสวรรค์ :^bวิทยาลัยพยาบาลบรมราชชนนี สวรรค์ประชารักษ์ นครสวรรค์,^c2554
300    85 หน้า
650  7 สารกำจัดศัตรูพืช^xการใช้^xวิจัย
650  7 เอ็นไซม์^xโคลีนเอสเตอเรส^xวิจัย
700 0  อัญชลี เกษสาคร
710 1  วิทยาลัยพยาบาลบรมราชชนนี สวรรค์ประชารักษ์ นครสวรรค์
945    ^p0^l0^i030986
995    ทศพร
999 ^a ทศพร
รายการนี้ยังไม่มีแท็ก
คุณยังไม่ได้ล็อกอิน คุณสามารถมีกิจกรรมร่วมกับเว็บไซต์ได้ แต่ต้องล็อกอินก่อน ::
  ล็อกอิน

รายการสื่อสารสนเทศ

ลำดับที่ ประเภท เลขเรียก/บาร์โค้ด สถานที่ สถานะ
1. งานวิจัย
งานวิจัย
วจ.WA240 ช616ผ ฉ.1 
  Barcode: 030986
ห้องสมุดวิทยาเขตสวรรค์ประชารักษ์
►วิจัย
บนชั้น

รายการใกล้เคียง
    ผู้แต่ง [ชุติพร จริตงาม]

BibComment


ยังไม่เคยถูกคอมเมนท์

คอมเมนท์ทรัพยากรรายการนี้
  คอมเมนท์: ผลการให้ความรู้ ร..


 Copyright 2026. Bcnsprnw @Library